How many times can you type bomber - Statistics

General Stats
  • This quiz has been taken 159 times
  • The average score is 12 of 26
Answer Stats
Answer % Correct
Bomber
100%
Bomber
95%
Bomber
92%
Bomber
88%
Bomber
86%
Bomber
81%
Bomber
75%
Bomber
70%
Bomber
58%
Bomber
51%
Bomber
43%
Bomber
34%
Bomber
28%
Bomber
27%
Bomber
24%
Bomber
23%
Bomber
20%
Bomber
20%
Bomber
20%
Bomber
18%
Bomber
18%
Bomber
18%
Bomber
18%
Bomber
17%
Bomber
17%
Bomber
17%
No matching quizzes found
Score Distribution
Percent of People with Each Score
Percentile by Number Answered
Your Score History
You have not taken this quiz